000 00386nam a22001457a 4500
999 _c7713
_d7713
003 GBCCL
005 20241126110635.0
008 180912b ||||| |||| 00| 0 eng d
040 _cgbc
082 _aSOU GOS
_b2014
245 _aPhaitong gospel centenary 1914-2014 souvenir/
_cchief editor Khupchinpau Guite
260 _c2014
_aPhaitong:
_bPGCCC
300 _a200p. ;
942 _2ddc
_cARCH